[Event "Interclub B"]
[Site "Adelaide"]
[Date "2008.06.24"]
[Round "9"]
[White "Watters, Daniel"]
[Black "Mading, John Thon"]
[Result "0-1"]
[PlyCount "108"]
[WhiteElo "1340"]
[BlackElo "1183"]

1. d4 d5 2. c4 e6 3. Nc3 c6 4. cxd5 exd5 5. Nf3 Nf6 6. Bg5 Be7 7. h3 Qb6 8. Qc2
g6 9. g4 Be6 10. e3 Nbd7 11. a3 h6 12. Bh4 Qa5 13. Nd2 Bd6 14. Bg2 Qc7 15. Ne2
a6 16. b4 g5 17. Bg3 h5 18. Bxd6 Qxd6 19. Ng3 hxg4 20. Nf5 Qf8 21. hxg4 Rxh1+
22. Bxh1 Nxg4 23. Bf3 Nh6 24. e4 dxe4 25. Bxe4 Nxf5 26. Bxf5 Qd6 27. Bxe6 Qxe6+
28. Qe4 Qxe4+ 29. Nxe4 O-O-O 30. Nd6+ Kc7 31. Nxf7 Re8+ 32. Kf1 g4 33. Rd1 g3
34. Rd2 gxf2 35. Rxf2 Re3 36. a4 Rb3 37. b5 axb5 38. axb5 Rxb5 39. Kg2 Rd5 40.
Rf4 Nf8 41. Ne5 Ne6 42. Rf7+ Kb6 43. Nd7+ Ka7 44. Ne5 Nxd4 45. Nf3 Nxf3 46.
Kxf3 Ka6 47. Ke4 Rd1 48. Rf2 b5 49. Ra2+ Kb6 50. Ra8 b4 51. Ke3 Rd7 52. Rb8+
Kc5 53. Rh8 Kc4 54. Rh1 c5 0-1

[Event "Interclub B"]
[Site "Adelaide"]
[Date "2008.06.24"]
[Round "9"]
[White "Searle, Zachary"]
[Black "Maric, Milan"]
[Result "1-0"]
[PlyCount "73"]
[WhiteElo "1422"]
[BlackElo "1433"]

1. e4 e6 2. d4 d5 3. exd5 exd5 4. c4 Nf6 5. Nc3 c6 6. Bd3 g6 7. Nge2 Bg7 8. O-O
O-O 9. Ng3 Re8 10. Bg5 Qd6 11. c5 Qc7 12. b4 Be6 13. b5 Nbd7 14. a4 Ng4 15. Be2
Nh6 16. Bxh6 Bxh6 17. a5 Bg7 18. Qd2 cxb5 19. Nxb5 Qd8 20. Nd6 Re7 21. Nxb7 Qc7
22. Rab1 Nb8 23. Nd6 Nc6 24. Rb7 Qd8 25. Rxe7 Qxe7 26. Ba6 Nxd4 27. Rb1 Qc7 28.
Qb4 Nc6 29. Qb7 Qb8 30. Rb5 Qxb7 31. Bxb7 Nd4 32. Bxa8 Nxb5 33. Nxb5 a6 34. Nc7
d4 35. Nxe6 fxe6 36. Kf1 d3 37. Ne4 1-0

[Event "Interclub B"]
[Site "Adelaide"]
[Date "2008.06.24"]
[Round "9"]
[White "Sanders, Michael"]
[Black "Carter, Morgan"]
[Result "1-0"]
[PlyCount "93"]
[WhiteElo "1084"]
[BlackElo "384"]

1. d4 Nf6 2. c4 e6 3. Nc3 Bb4 4. Qc2 d5 5. e3 c6 6. a3 Bd6 7. c5 Bc7 8. f4 O-O
9. Nf3 Nbd7 10. Bd3 g6 11. h4 Nh5 12. Ng5 h6 13. Nxf7 Rxf7 14. Bxg6 Ng7 15.
Bxf7+ Kxf7 16. g4 Nf8 17. Qf2 Bd7 18. Bd2 a5 19. Ne2 a4 20. Ng3 Nh7 21. g5 h5
22. Qe2 Nf5 23. Qxh5+ Kg8 24. Qg6+ Kh8 25. Nxf5 exf5 26. Qh5 Be8 27. g6 Kg7 28.
Qxh7+ Kf6 29. g7 Bf7 30. Qh6+ Ke7 31. Qg5+ Kd7 32. Qxd8+ Rxd8 33. h5 Bg8 34. h6
Bh7 35. O-O-O Rg8 36. b3 axb3 37. Kb2 b6 38. cxb6 Bxb6 39. Bb4 Ke6 40. Rd3 Kf7
41. Rxb3 Kg6 42. Bf8 Ba5 43. Rc1 Kxh6 44. Rxc6+ Kh5 45. Rc5 Bd8 46. Rxd5 Kg4
47. Rxd8 1-0

[Event "Interclub B"]
[Site "Adelaide"]
[Date "2008.06.24"]
[Round "9"]
[White "Lower, Kevin"]
[Black "Chesney, David"]
[Result "1-0"]
[PlyCount "49"]
[WhiteElo "1103"]
[BlackElo "1343"]

1. d4 Nf6 2. c4 e6 3. Nc3 Bb4 4. a3 Bxc3+ 5. bxc3 Ne4 6. Qc2 f5 7. Nf3 c5 8.
Be3 Qa5 9. Bd2 O-O 10. g3 b6 11. Bg2 Ba6 12. Ng5 d5 13. Nxe6 Bxc4 14. Nxf8 Kxf8
15. f3 Nd6 16. Bf4 Ke7 17. O-O g6 18. Rfe1 Nc6 19. e4 Kd7 20. Bxd6 Kxd6 21.
exf5 gxf5 22. Qxf5 Nd8 23. Qf6+ Kc7 24. Re7+ Kc8 25. Bh3+ 1-0

[Event "Interclub B"]
[Site "Adelaide"]
[Date "2008.06.24"]
[Round "9"]
[White "Low, Brandon"]
[Black "Glasson, Benjamin"]
[Result "1/2-1/2"]
[PlyCount "93"]
[WhiteElo "1365"]
[BlackElo "1589"]

1. e4 c5 2. d4 cxd4 3. Nf3 Nc6 4. Nxd4 d6 5. Nc3 e6 6. Bc4 Nf6 7. O-O Be7 8.
Re1 O-O 9. Be3 a6 10. a3 Qc7 11. Ba2 b5 12. Nxc6 Qxc6 13. Qd4 Bb7 14. f3 Rfd8
15. Qb6 Rac8 16. Qxc6 Bxc6 17. Rad1 a5 18. Bb3 Rd7 19. Ne2 e5 20. Nc3 Rb7 21.
Re2 a4 22. Bd5 Nxd5 23. Nxd5 Bxd5 24. Rxd5 b4 25. Rd3 bxa3 26. Rxa3 Rxb2 27.
Rxa4 Rbxc2 28. Rxc2 Rxc2 29. Ra7 Bf8 30. h3 Rc8 31. Kf2 g6 32. Kg3 f5 33. Bg5
Re8 34. Rd7 h6 35. Bf6 fxe4 36. fxe4 Re6 37. Bd8 Re8 38. Kf3 Re6 39. g3 h5 40.
g4 hxg4+ 41. Kxg4 d5 42. Rxd5 Rd6 43. Kg5 Kf7 44. h4 Rxd8 45. Rxe5 Be7+ 46. Kg4
Rh8 47. h5 1/2-1/2

[Event "Interclub B"]
[Site "Adelaide"]
[Date "2008.06.24"]
[Round "9"]
[White "Kiripitige, Punala"]
[Black "Cameron, Lachlan"]
[Result "1/2-1/2"]
[PlyCount "114"]
[WhiteElo "1289"]
[BlackElo "602"]

1. e4 c5 2. Nf3 e6 3. d4 cxd4 4. Nxd4 Bc5 5. Nc3 Qf6 6. Be3 a6 7. Be2 e5 8. Nf5
Bxe3 9. Nxe3 Ne7 10. Ned5 Nxd5 11. Nxd5 Qc6 12. Qd2 h6 13. Qb4 d6 14. Rd1 Bd7
15. Nb6 a5 16. Qxd6 Qxd6 17. Rxd6 Ra7 18. Nxd7 Nxd7 19. Bb5 b6 20. O-O Ke7 21.
Rfd1 Rd8 22. g3 g6 23. f4 exf4 24. gxf4 h5 25. Kf2 Rc7 26. c4 h4 27. Kf3 f5 28.
e5 g5 29. Ke3 gxf4+ 30. Kxf4 h3 31. e6 Nf8 32. Rxd8 Nxe6+ 33. Kxf5 Nxd8 34.
Re1+ Kf7 35. Be8+ Kf8 36. Bb5 Rf7+ 37. Kg6 Rg7+ 38. Kf5 Rf7+ 39. Kg4 Rg7+ 40.
Kxh3 Rh7+ 41. Kg2 Re7 42. Rxe7 Kxe7 43. Kf3 Ne6 44. Ke4 Kd6 45. h4 Ng7 46. Kf4
Ke6 47. Kg5 Kf7 48. a3 Ne6+ 49. Kg4 Kf6 50. h5 Ng7 51. b4 axb4 52. axb4 Ne6 53.
c5 bxc5 54. bxc5 Nxc5 55. Kf4 Ne6+ 56. Kg4 Ng7 57. Bc4 Nxh5 1/2-1/2

[Event "Interclub B"]
[Site "Adelaide"]
[Date "2008.06.24"]
[Round "9"]
[White "Heitmann, Gordon"]
[Black "Branson, Edward"]
[Result "1-0"]
[PlyCount "120"]
[WhiteElo "1214"]
[BlackElo "1014"]

1. d4 Nf6 2. e3 e5 3. dxe5 Ne4 4. Nf3 d6 5. Bc4 Bg4 6. Qd5 Be6 7. Qxe4 d5 8.
Bb5+ c6 9. Qa4 cxb5 10. Qxb5+ Nd7 11. Nc3 Bc5 12. O-O O-O 13. Qxb7 Rb8 14. Qc6
Qe7 15. Nxd5 Bxd5 16. Qxd5 Nb6 17. Qe4 Rbd8 18. b3 f5 19. Qh4 Qd7 20. Bb2 Be7
21. Qd4 Qe6 22. Qf4 Nd5 23. Nd4 Qg6 24. Qg3 Qxg3 25. hxg3 Rc8 26. c4 Nb4 27.
Rfd1 h5 28. Ne6 Rf7 29. Nf4 g5 30. Nxh5 Rh7 31. Nf6+ Bxf6 32. exf6 Kf7 33. f4
g4 34. Rd7+ Kg6 35. Rxh7 Kxh7 36. f7 Kg6 37. f8=Q Rxf8 38. Ba3 Rb8 39. Bxb4
Rxb4 40. Rd1 Kf7 41. Rd5 Ke6 42. Kf2 Rb6 43. Ke2 Ra6 44. a4 Rb6 45. Rb5 Rc6 46.
Re5+ Kf6 47. e4 fxe4 48. Rxe4 Rb6 49. Re3 Rd6 50. c5 Rc6 51. b4 a6 52. Rd3 Re6+
53. Kd2 Kf5 54. Rd6 Re4 55. b5 axb5 56. axb5 Ra4 57. c6 Ra2+ 58. Ke1 Rxg2 59.
c7 Rxg3 60. c8=Q+ Kxf4 1-0

[Event "Interclub B"]
[Site "Adelaide"]
[Date "2008.06.24"]
[Round "9"]
[White "Eime, Roland"]
[Black "Vuckov, George"]
[Result "1/2-1/2"]
[PlyCount "59"]
[WhiteElo "1408"]
[BlackElo "1231"]

1. c4 Nf6 2. g3 g6 3. Bg2 Bg7 4. Nc3 O-O 5. d3 d6 6. Nf3 Nc6 7. O-O e6 8. e4 e5
9. Rb1 a6 10. b4 Bd7 11. Bg5 Qc8 12. Qd2 Nd8 13. Bh6 Ne6 14. Bxg7 Kxg7 15. a4
c5 16. b5 Nc7 17. Qe2 h6 18. Nd5 Ncxd5 19. exd5 axb5 20. axb5 b6 21. Qb2 Qb7
22. Ra1 Rxa1 23. Rxa1 Ra8 24. Ra3 Ng8 25. Qa1 Rxa3 26. Qxa3 f5 27. Nd2 Nf6 28.
Qa6 Bc8 29. Qxb7+ Bxb7 30. Kf1 1/2-1/2

[Event "Interclub B"]
[Site "Adelaide"]
[Date "2008.06.24"]
[Round "9"]
[White "Beltsos, Michael"]
[Black "Koodrin, Zina"]
[Result "1/2-1/2"]
[PlyCount "37"]
[WhiteElo "1135"]
[BlackElo "1210"]
[Annotator "Anderson-Smith,W.T."]

1. c4 c5 2. b3 Nc6 3. Bb2 Nf6 4. Nf3 e6 5. g3 d5 6. cxd5 Nxd5 7. Bg2 Nf6 8. O-O
Be7 9. Nc3 Rb8 10. Rc1 b6 11. Na4 Bb7 12. e3 O-O 13. Nc3 Nd7 14. Qc2 Bf6 15.
Ne4 Bxb2 16. Qxb2 f6 17. Nd6 Ba8 18. Nb5 a6 19. Nd6 1/2-1/2 {Following moves
unclear.}

[Event "Interclub B"]
[Site "Adelaide"]
[Date "2008.06.24"]
[Round "9"]
[White "Ballantyne, Martin"]
[Black "Wilson, James E"]
[Result "0-1"]
[PlyCount "74"]
[WhiteElo "931"]
[BlackElo "1392"]

1. d4 d5 2. e3 e6 3. Nf3 Nc6 4. Bb5 Bd7 5. c4 Nf6 6. Nc3 Be7 7. cxd5 Nxd5 8.
Nxd5 exd5 9. Bxc6 Bxc6 10. Ne5 Qd6 11. a3 f6 12. Qh5+ g6 13. Nxg6 O-O-O 14.
Nxh8 Rxh8 15. O-O Bd7 16. Qf3 c6 17. b4 Bd8 18. Bb2 Bc7 19. g3 h5 20. Qg2 h4
21. g4 h3 22. Qg3 Qf8 23. f4 f5 24. g5 Qe8 25. Qf3 Qe6 26. Kf2 Be8 27. Ke1 Rh4
28. Kd2 Bh5 29. Qh1 Rg4 30. Rg1 Kd7 31. Rxg4 fxg4 32. Re1 Qf5 33. a4 Bg6 34.
Ke2 Qc2+ 35. Kf1 Bd3+ 36. Kg1 Be4 37. Qxe4 dxe4 0-1

[Event "Interclub B"]
[Site "Adelaide"]
[Date "2008.06.17"]
[Round "8"]
[White "Vuckov, George"]
[Black "Heitmann, Gordon"]
[Result "1/2-1/2"]
[PlyCount "69"]
[WhiteElo "1231"]
[BlackElo "1214"]

1. d4 Nf6 2. c4 e5 3. dxe5 Ng4 4. Nf3 Nc6 5. h3 Ngxe5 6. Nxe5 Nxe5 7. e3 b6 8.
b3 Qf6 9. Qc2 Nf3+ 10. gxf3 Qxa1 11. Qe4+ Kd8 12. a3 Rb8 13. Bd3 Qf6 14. Qf5
Be7 15. Ke2 d6 16. Qxf6 Bxf6 17. Bd2 Re8 18. Nc3 Bb7 19. Ne4 Bh4 20. Bc3 f5 21.
Nd2 g6 22. Rg1 Be7 23. f4 d5 24. b4 c5 25. cxd5 Bxd5 26. Nc4 b5 27. Rd1 bxc4
28. Bxc4 Kc8 29. Rxd5 Rd8 30. Ba6+ Kc7 31. Be5+ Bd6 32. Bxd6+ Rxd6 33. Rxc5+
Kb6 34. Bd3 Rbd8 35. Rc3 1/2-1/2

[Event "Interclub B"]
[Site "Adelaide"]
[Date "2008.06.17"]
[Round "8"]
[White "Ramos, Antonio"]
[Black "Eime, Roland"]
[Result "0-1"]
[PlyCount "68"]
[WhiteElo "1551"]
[BlackElo "1408"]

1. e4 e6 2. Nf3 d5 3. d3 dxe4 4. dxe4 Qxd1+ 5. Kxd1 Nc6 6. Bf4 Bd6 7. g3 Bxf4
8. gxf4 Nf6 9. Nc3 O-O 10. Bd3 Ng4 11. Ke2 a6 12. Rag1 Nf6 13. Rg3 Nh5 14. Rg4
e5 15. fxe5 Bxg4 16. Rg1 Nxe5 17. Kd2 Nxf3+ 18. Ke3 Nxg1 19. Be2 Nxe2 20. Nxe2
Bxe2 21. Kxe2 Rad8 22. Ke3 Rfe8 23. f3 f5 24. c3 fxe4 25. fxe4 Nf6 26. Kf3 Nxe4
27. h4 Rd2 28. b4 Nxc3 29. a3 Rde2 30. Kf4 Rf8+ 31. Kg4 Ne4 32. a4 Rg2+ 33. Kh3
Rg3+ 34. Kh2 Rf2+ 0-1

[Event "Interclub B"]
[Site "Adelaide"]
[Date "2008.06.17"]
[Round "8"]
[White "Mayo, Eleesheva"]
[Black "Branson, Edward"]
[Result "1-0"]
[PlyCount "47"]
[WhiteElo "670"]
[BlackElo "1014"]

1. e4 c5 2. d4 cxd4 3. c3 Nf6 4. e5 Nd5 5. cxd4 e6 6. Bc4 Be7 7. Bxd5 exd5 8.
Nc3 O-O 9. Nxd5 d6 10. Ne2 Be6 11. Nec3 Qa5 12. Nxe7+ Kh8 13. Qh5 Nc6 14. Nxc6
bxc6 15. O-O dxe5 16. dxe5 Rae8 17. f4 Bc4 18. Rf3 Rd8 19. Be3 Qa6 20. Rh3 h6
21. f5 c5 22. f6 Rfe8 23. Bxh6 Rxe5 24. Bxg7+ 1-0

[Event "Interclub B"]
[Site "Adelaide"]
[Date "2008.06.17"]
[Round "8"]
[White "Maric, Milan"]
[Black "Ballantyne, Martin"]
[Result "1-0"]
[PlyCount "69"]
[WhiteElo "1433"]
[BlackElo "931"]

1. e4 e5 2. Nf3 Nc6 3. Bb5 d6 4. h3 Nf6 5. Nc3 Be7 6. d3 O-O 7. Bg5 a6 8. Ba4
Re8 9. Qd2 Be6 10. Bb3 d5 11. Bxf6 Bxf6 12. Nxd5 b5 13. Qc3 Bxd5 14. Bxd5 Nd4
15. Bxa8 Qxa8 16. Nxd4 exd4 17. Qd2 c5 18. O-O Qc6 19. f4 Bd8 20. e5 Re6 21.
Rf3 Qd5 22. b3 Rg6 23. Raf1 c4 24. Qe2 f5 25. Kh2 Bh4 26. g3 Bd8 27. Rg1 h5 28.
Rf2 a5 29. Qxh5 Qe6 30. Qf3 Kh7 31. Qb7 cxb3 32. cxb3 b4 33. Rc2 Qe8 34. Rc8
Qf8 35. Qa8 1-0

[Event "Interclub B"]
[Site "Adelaide"]
[Date "2008.06.17"]
[Round "8"]
[White "Lower, Kevin"]
[Black "Perks, Hugh"]
[Result "0-1"]
[PlyCount "76"]
[WhiteElo "1103"]
[BlackElo "534"]

1. c4 e5 2. Nc3 Nf6 3. g3 Bc5 4. Bg2 Nc6 5. d3 d6 6. Nf3 O-O 7. O-O Bf5 8. Na4
b6 9. a3 a5 10. e3 Bg4 11. Qc2 Rb8 12. Nc3 Qd7 13. Nb5 d5 14. cxd5 Nxd5 15. Nc3
Rfe8 16. Ng5 Nxc3 17. bxc3 Be7 18. h4 h6 19. f3 hxg5 20. fxg4 gxh4 21. Qa4 b5
22. Qe4 Rb6 23. Qf3 Rf8 24. e4 Bc5+ 25. Be3 Bxe3+ 26. Qxe3 Qxg4 27. gxh4 Nd8
28. Qh3 Rg6 29. Qxg4 Rxg4 30. Rf5 Ne6 31. Rxe5 Nf4 32. Ra2 c6 33. Rd2 Ng6 34.
Rf2 Nxe5 35. Kf1 Nxd3 36. Rf3 Nf4 37. Bh3 Rxh4 38. Bd7 c5 0-1

[Event "Interclub B"]
[Site "Adelaide"]
[Date "2008.06.17"]
[Round "8"]
[White "Low, Brandon"]
[Black "Wilson, James E"]
[Result "1/2-1/2"]
[PlyCount "138"]
[WhiteElo "1365"]
[BlackElo "1392"]

1. e4 c5 2. d4 cxd4 3. Nf3 Nc6 4. Nxd4 e6 5. Nc3 a6 6. Bc4 Nf6 7. Bg5 Be7 8.
Qd2 d6 9. O-O O-O 10. Rfe1 Ng4 11. Bxe7 Qxe7 12. Rad1 Nce5 13. Bb3 Bd7 14. Nf3
Nxf3+ 15. gxf3 Ne5 16. Qe3 Bc6 17. Ne2 Rad8 18. Ng3 Qf6 19. Kg2 Qg6 20. h4 h5
21. Qg5 Qxg5 22. hxg5 g6 23. f4 Nd7 24. Rxd6 Nc5 25. Red1 Rxd6 26. Rxd6 Bxe4+
27. Nxe4 Nxe4 28. Rd7 Nc5 29. Rc7 b6 30. Bc4 Rd8 31. b4 Ne4 32. Bd3 Rd4 33. Kf3
Nxf2 34. Kxf2 Rxf4+ 35. Ke3 Rxb4 36. Bxa6 Rg4 37. Rb7 Rxg5 38. Rxb6 h4 39. a4
Rg4 40. c4 g5 41. Rb2 f5 42. Bc8 Re4+ 43. Kf2 Kg7 44. Rc2 g4 45. a5 h3 46. a6
h2 47. Kg2 g3 48. Bb7 Re1 49. Kxg3 h1=Q 50. Bxh1 Rxh1 51. Ra2 Rh8 52. a7 Ra8
53. Kf4 Kf7 54. Ke5 Ke7 55. Ra6 Kd7 56. Rd6+ Kc7 57. Rxe6 Rxa7 58. Re7+ Kb6 59.
Rxa7 Kxa7 60. Kxf5 Kb6 61. Ke4 Kc5 62. Kd3 Kc6 63. Kd4 Kd6 64. c5+ Kc6 65. Kc4
Kc7 66. Kb5 Kb7 67. c6+ Kc7 68. Kc5 Kc8 69. c7 Kxc7 1/2-1/2

[Event "Interclub B"]
[Site "Adelaide"]
[Date "2008.06.17"]
[Round "8"]
[White "Glasson, Benjamin"]
[Black "Searle, Zachary"]
[Result "1/2-1/2"]
[PlyCount "89"]
[WhiteElo "1589"]
[BlackElo "1423"]

1. e4 c5 2. Nf3 Nc6 3. Bb5 Nf6 4. e5 Nd5 5. c4 Nc7 6. Bxc6 dxc6 7. Qb3 g6 8.
O-O Bg7 9. d3 O-O 10. Nbd2 b6 11. Rd1 Ne6 12. a4 Qc7 13. a5 Bd7 14. Ne4 Rfd8
15. Be3 Be8 16. axb6 axb6 17. Rxa8 Rxa8 18. d4 cxd4 19. Nxd4 Nxd4 20. Bxd4 c5
21. Bc3 Bxe5 22. Bxe5 Qxe5 23. Nc3 Rb8 24. Qc2 Bc6 25. Qd2 e6 26. h3 Kg7 27. f4
Qc7 28. g4 Bb7 29. Qd6 Qxd6 30. Rxd6 Ba6 31. b3 Kf6 32. Na4 Ke7 33. Rxb6 Rxb6
34. Nxb6 Kd6 35. Kf2 f6 36. Ke3 Bb7 37. h4 h6 38. g5 hxg5 39. hxg5 fxg5 40.
fxg5 e5 41. Na4 Bc6 42. Nc3 Ke6 43. Na4 Kd6 44. Nc3 Ke6 45. Na4 1/2-1/2

[Event "Interclub B"]
[Site "Adelaide"]
[Date "2008.06.17"]
[Round "8"]
[White "Chesney, David"]
[Black "Watters, Daniel"]
[Result "1-0"]
[PlyCount "89"]
[WhiteElo "1343"]
[BlackElo "1340"]

1. d4 Nf6 2. c4 g6 3. Nc3 d5 4. Nf3 Bg7 5. Ne5 O-O 6. e3 Nc6 7. f4 Bf5 8. a3 a6
9. Bd3 Bxd3 10. Qxd3 e6 11. Bd2 Ne7 12. O-O-O c6 13. g4 Nd7 14. h4 f5 15. g5
Nxe5 16. fxe5 Nc8 17. Rdg1 Nb6 18. b3 dxc4 19. bxc4 Nd7 20. Qe2 c5 21. h5 cxd4
22. exd4 Rc8 23. h6 Bh8 24. Kd1 Qb6 25. c5 Qb3+ 26. Ke1 Qxa3 27. Qc4 Kf7 28.
Rh3 Nb6 29. Qa2 Qxa2 30. Nxa2 Nd5 31. Rb3 Rb8 32. Nc3 Ne7 33. Ke2 Nc6 34. Be3
Rfd8 35. Rd1 Ke8 36. Kf2 f4 37. Bxf4 Nxd4 38. Rb6 Nc6 39. Rxd8+ Kxd8 40. Ne4
Bxe5 41. Bxe5 Nxe5 42. Rxe6 Nc6 43. Nf6 a5 44. Nxh7 Ne7 45. Nf6 1-0

[Event "Interclub B"]
[Site "Adelaide"]
[Date "2008.06.17"]
[Round "8"]
[White "Cameron, Lachlan"]
[Black "Sanders, Michael"]
[Result "0-1"]
[PlyCount "100"]
[WhiteElo "602"]
[BlackElo "1084"]

1. e4 c5 2. Nf3 Nc6 3. Nc3 g6 4. d3 Bg7 5. Bd2 Nf6 6. h3 d6 7. Be3 Bd7 8. d4
cxd4 9. Nxd4 a6 10. Nb3 O-O 11. Bd3 Qc7 12. O-O e6 13. f4 Nh5 14. Qf3 Bxc3 15.
bxc3 Ng7 16. Qg3 f5 17. e5 dxe5 18. fxe5 Qxe5 19. Qxe5 Nxe5 20. Nc5 Bc6 21. Bh6
Nxd3 22. Nxe6 Nxe6 23. Bxf8 Ndf4 24. Bh6 Ne2+ 25. Kh2 Nxc3 26. Rfe1 Be4 27. Bd2
Rc8 28. g4 Nd4 29. Re3 Nf3+ 30. Rxf3 Bxf3 31. gxf5 Ne4 32. Be3 Rxc2+ 33. Kg1
Rg2+ 34. Kf1 Ng3+ 35. Ke1 Re2+ 36. Kd1 Rxa2+ 37. Kc1 Rxa1+ 38. Kb2 Re1 39. Bf4
Nxf5 40. h4 b5 41. Kc3 Re4 42. Bd2 Rc4+ 43. Kb3 Nd4+ 44. Ka3 Bd5 45. Bg5 a5 46.
Bd2 Ra4+ 47. Kb2 Ra2+ 48. Kc3 Nf3 49. Kd3 Rxd2+ 50. Kc3 b4# 0-1

[Event "Interclub B"]
[Site "Adelaide"]
[Date "2008.06.17"]
[Round "8"]
[White "Beltsos, Michael"]
[Black "Morrissey, Laura"]
[Result "1-0"]
[PlyCount "63"]
[WhiteElo "1135"]
[BlackElo "959"]

1. c4 e5 2. b3 Nf6 3. Bb2 Nc6 4. Nc3 Bc5 5. e3 d6 6. g3 Bf5 7. Bg2 O-O 8. h3
Rb8 9. Nf3 Nb4 10. O-O Qd7 11. Kh2 Nd3 12. Na4 Rfe8 13. Bc3 h6 14. Ne1 Re6 15.
Nxd3 Bxd3 16. Re1 Ne4 17. Bxe4 Bxe4 18. f3 Bc6 19. d4 Rf6 20. Nxc5 dxc5 21. d5
Qf5 22. dxc6 Rd6 23. Qe2 bxc6 24. e4 Qg5 25. Qf2 Rbd8 26. Re2 h5 27. Rae1 h4
28. gxh4 Qf4+ 29. Qg3 Qxg3+ 30. Kxg3 Rg6+ 31. Kh2 Rd3 32. Re3 1-0

[Event "Interclub B"]
[Site "Adelaide"]
[Date "2008.06.10"]
[Round "7"]
[White "Wilson, James E"]
[Black "Maric, Milan"]
[Result "0-1"]
[PlyCount "46"]
[WhiteElo "1392"]
[BlackElo "1433"]

1. e4 e5 2. Nf3 Nc6 3. d4 exd4 4. Nxd4 Nf6 5. Bg5 Be7 6. Nxc6 bxc6 7. Nc3 Nxe4
8. Nxe4 Bxg5 9. Bd3 O-O 10. Qh5 Bh6 11. O-O d6 12. f4 c5 13. f5 Be3+ 14. Kh1 f6
15. Rf3 Bh6 16. Bc4+ Kh8 17. Bd5 Rb8 18. b3 Bb7 19. Rd1 Qe7 20. Bxb7 Rxb7 21.
Qh4 Re8 22. Nf2 Qe1+ 23. Rxe1 Rxe1# 0-1

[Event "Interclub B"]
[Site "Adelaide"]
[Date "2008.06.10"]
[Round "7"]
[White "Watters, Daniel"]
[Black "Lower, Kevin"]
[Result "0-1"]
[PlyCount "94"]
[WhiteElo "1340"]
[BlackElo "1103"]

1. Nf3 Nf6 2. d4 g6 3. Nbd2 Bg7 4. e4 d6 5. h3 O-O 6. Bc4 Nc6 7. O-O Na5 8. Bd3
Nc6 9. c3 e5 10. d5 Ne7 11. Re1 Nd7 12. Nf1 f5 13. exf5 gxf5 14. Ng5 Nf6 15.
Ne6 Bxe6 16. dxe6 e4 17. Bc2 d5 18. Bb3 Qd6 19. Bg5 h6 20. Bxf6 Rxf6 21. Ne3 c6
22. Re2 f4 23. Nc2 f3 24. Rxe4 fxg2 25. Rg4 Raf8 26. Rxg2 Qxe6 27. Qd3 Qf7 28.
Rf1 Rf3 29. Qe2 Ng6 30. Ne1 Rxh3 31. Rg3 Nf4 32. Qf3 Rh5 33. Ng2 Rf5 34. Nxf4
Rxf4 35. Qg2 h5 36. Bd1 h4 37. Rf3 Rxf3 38. Bxf3 Qxf3 39. Qxf3 Rxf3 40. Kg2 Rf5
41. Re1 Re5 42. Rg1 Rg5+ 43. Kf1 Rxg1+ 44. Kxg1 Kf7 45. Kg2 Kf6 46. f4 Kf5 47.
Kf3 Bh6 0-1

[Event "Interclub B"]
[Site "Adelaide"]
[Date "2008.06.10"]
[Round "7"]
[White "Searle, Zachary"]
[Black "Low, Brandon"]
[Result "0-1"]
[PlyCount "124"]
[WhiteElo "1422"]
[BlackElo "1365"]

1. e4 e5 2. Nf3 Nc6 3. d4 exd4 4. Nxd4 Nxd4 5. Qxd4 Qf6 6. e5 Qb6 7. Be3 Qxd4
8. Bxd4 Nh6 9. Bd3 Be7 10. Nc3 c6 11. Ne4 Nf5 12. Bc3 Nh4 13. g3 Nf3+ 14. Ke2
Ng5 15. Nxg5 Bxg5 16. Bd2 Be7 17. f4 d6 18. exd6 Bxd6 19. Kf3 O-O 20. Rhe1 Bd7
21. Re2 Rfe8 22. Rae1 h5 23. Be3 Bg4+ 24. Kf2 Bxe2 25. Bxe2 g6 26. Rd1 Red8 27.
Rd3 Bc7 28. Rb3 b5 29. Bf3 Rd6 30. Rc3 Bb6 31. Bxc6 Bxe3+ 32. Kxe3 Re6+ 33. Kf3
Rb8 34. Be4 Re7 35. Bd3 b4 36. Rc4 a5 37. Rc5 Ra8 38. Rc6 Kg7 39. Rb6 Raa7 40.
Rb5 Re1 41. Rd5 Rb1 42. b3 Ra1 43. f5 Rxa2 44. fxg6 fxg6 45. Rd6 Rf7+ 46. Ke4
Rf6 47. Rd7+ Kh6 48. Ke5 Rb6 49. Ra7 Ra1 50. Kd5 Kg5 51. h3 Rf6 52. Kc5 h4 53.
g4 Kf4 54. Re7 Kg3 55. Re3+ Rf3 56. Rxf3+ Kxf3 57. Bxg6 Kg3 58. Bf5 Kxh3 59.
g5+ Kg3 60. g6 Kf4 61. Be6 Rg1 62. Kb5 Rxg6 0-1

[Event "Interclub B"]
[Site "Adelaide"]
[Date "2008.06.10"]
[Round "7"]
[White "Ramos, Antonio"]
[Black "Cameron, Lachlan"]
[Result "0-1"]
[PlyCount "120"]
[WhiteElo "1551"]
[BlackElo "602"]

1. e4 e5 2. Nf3 Nc6 3. c4 Nf6 4. Nc3 Be7 5. d3 O-O 6. d4 exd4 7. Nxd4 Nxd4 8.
Qxd4 c5 9. Qe5 d6 10. Qg3 Re8 11. Be3 Qa5 12. Bd3 Qb4 13. Rb1 Be6 14. O-O Bxc4
15. Bxc4 Qxc4 16. f3 Nh5 17. Qg4 g6 18. f4 Qd3 19. Nd5 Qxe4 20. Rbd1 f5 21. Qe2
Rac8 22. b3 Bf6 23. Nxf6+ Nxf6 24. Rxd6 Ng4 25. Rf3 Nxe3 26. Qd3 Qxd3 27. Rxd3
Ng4 28. h3 Re1+ 29. Rf1 Rxf1+ 30. Kxf1 Nf6 31. Rd6 Ne4 32. Rd7 Rb8 33. Rd5 Kf7
34. h4 Kf6 35. Re5 Rd8 36. g4 Rd4 37. h5 Nf2 38. g5+ Kf7 39. Kxf2 Rxf4+ 40. Ke3
Re4+ 41. Rxe4 fxe4 42. Kxe4 gxh5 43. Kf3 Kg6 44. Kf4 h4 45. Kg4 h3 46. Kxh3
Kxg5 47. Kg3 Kf5 48. Kf3 Ke5 49. Kg4 Kd4 50. Kg5 b5 51. Kf4 c4 52. Kg5 c3 53.
Kh6 c2 54. Kxh7 c1=Q 55. a4 bxa4 56. bxa4 Qg1 57. Kh6 Qg4 58. a5 Ke5 59. Kh7
Kf6 60. Kh8 Qg7# 0-1

[Event "Interclub B"]
[Site "Adelaide"]
[Date "2008.06.10"]
[Round "7"]
[White "Perks, Hugh"]
[Black "Mading, John Thon"]
[Result "0-1"]
[PlyCount "66"]
[WhiteElo "534"]
[BlackElo "1183"]

1. e4 d5 2. d4 dxe4 3. Nc3 Nf6 4. Bg5 Nbd7 5. Nge2 c6 6. Ng3 Qa5 7. Bc4 Qxg5 8.
O-O e3 9. f4 Qa5 10. Qe2 Nb6 11. Bb3 e6 12. Qxe3 g6 13. Rf3 Bg7 14. f5 Nfd5 15.
Nxd5 Nxd5 16. Qe4 O-O 17. fxg6 hxg6 18. Qh4 Qd8 19. Qh3 Bxd4+ 20. Kh1 Bg7 21.
Rd1 Qc7 22. Ne4 Qe7 23. Rdf1 e5 24. Qg3 Nf4 25. Qf2 Be6 26. Bxe6 Qxe6 27. b3 f5
28. Nc5 Qe7 29. a3 Rfd8 30. g3 Ne6 31. b4 e4 32. Nxe6 Qxe6 33. Re3 Bd4 0-1

[Event "Interclub B"]
[Site "Adelaide"]
[Date "2008.06.10"]
[Round "7"]
[White "Morrissey, Kate"]
[Black "Eime, Roland"]
[Result "1/2-1/2"]
[PlyCount "58"]
[WhiteElo "683"]
[BlackElo "1408"]

1. e4 e6 2. Nf3 d5 3. Nc3 dxe4 4. Nxe4 Nf6 5. Nxf6+ Qxf6 6. d4 h6 7. Bc4 Bd6 8.
O-O O-O 9. Re1 Nd7 10. d5 Nb6 11. Bb3 exd5 12. Bxd5 Nxd5 13. Qxd5 c6 14. Qd3
Bf5 15. Qe3 Bxc2 16. Bd2 Bc7 17. Qe7 Qxe7 18. Rxe7 Rac8 19. Rae1 Bg6 20. Bb4 f6
21. Nd4 Rfe8 22. g3 Be5 23. Ne6 Rxe7 24. Bxe7 Kf7 25. Nxg7 Kxe7 26. f4 Kf7 27.
Nf5 Bxf5 28. fxe5 Re8 29. Kf2 Rxe5 1/2-1/2